La vida cotidiana en Roma, en el apogeo del Imperio / (Record no. 40166)
[ view plain ]
| 000 -LEADER | |
|---|---|
| campo de control de longitud fija | 00599nam a2200169 i 4500 |
| 001 - NÚMERO DE CONTROL | |
| campo de control | 40166 |
| 003 - IDENTIFICADOR DE NÚMERO DE CONTROL | |
| campo de control | ES-MaACL |
| 005 - FECHA Y HORA DE LA ÚLTIMA TRANSACCIÓN | |
| campo de control | 20230906160143.0 |
| 007 - CAMPO FIJO DE DESCRIPCIÓN FÍSICA--INFORMACIÓN GENERAL | |
| campo de control de longitud fija | t| |
| 008 - DATOS DE LONGITUD FIJA--INFORMACIÓN GENERAL | |
| campo de control de longitud fija | 030305s1942 ag ||||1| spa d |
| 100 1# - ENTRADA PRINCIPAL--NOMBRE DE PERSONA | |
| Nombre de persona | Carcopino, Jerome. |
| 9 (RLIN) | 35109 |
| 245 13 - MENCIÓN DEL TÍTULO | |
| Título | La vida cotidiana en Roma, en el apogeo del Imperio / |
| Mención de responsabilidad, etc. | Jérôme Carcopino ; versión española de Ricardo A. Caminos. |
| 260 ## - PUBLICACIÓN, DISTRIBUCIÓN, ETC. | |
| Lugar de publicación, distribución, etc. | Buenos Aires : |
| Nombre del editor, distribuidor, etc. | Librería Hachette, |
| Fecha de publicación, distribución, etc. | [1942] ( |
| Fabricante | Talls. Gráfs. Frigerio) |
| 300 ## - DESCRIPCIÓN FÍSICA | |
| Extensión | 481 p., 255 gráb. : |
| Otras características físicas | il. ; |
| Dimensiones | 24 cm. |
| 700 1# - ENTRADA AGREGADA--NOMBRE PERSONAL | |
| Nombre de persona | Caminos, Ricardo A. |
| 9 (RLIN) | 34085 |
| 852 ## - LOCALIZACIÓN | |
| Ubicación | ES-MaACL |
| Número de control de estantería | F-15869 |
| Sublocalización o colección | R.20502 |
| Estatus retirado | Estado de pérdida | Estado de daño | No para préstamo | Biblioteca de origen | Biblioteca actual | Ubicación en estantería | Fecha de adquisición | Fuente de adquisición | Total de préstamos | Signatura topográfica completa | Código de barras | Visto por última vez | Precio de reemplazo | Tipo de ítem Koha |
|---|---|---|---|---|---|---|---|---|---|---|---|---|---|---|
| Biblioteca del Ateneo de Madrid | Biblioteca del Ateneo de Madrid | Sala Pecera Planta 2 | 17/01/2008 | F-15869 | 1042288 | 23/02/2023 | 23/02/2023 | Libro impreso |
